Statistics for The 10 least used English words

Click here to take the quiz!

General Stats

  • This quiz has been taken 7 times
  • The average score is 2 of 10

Answer Stats

NumberWord% Correct
86798Workless
60%
86800Conquistador
40%
86793Golgotha
40%
86792Homemakers
20%
86799Recrossed
20%
86797Carniola
0%
86794Lauro
0%
86795Multilingualism
0%
86791Savills
0%
86796Tangency
0%

Score Distribution

Percentile by Number Answered

Percent of People with Each Score

Your Score History

You have not taken this quiz